000 00474nam a22001577a 4500
003 macl
005 20170124163125.0
008 150612b xxu||||| |||| 00| 0 eng d
040 _cmacl
050 _a920
100 _aशर्मा, मनु
_9220
245 _aद्रौपदी की आत्‍मकथा
260 _aदिल्‍ली
_bप्रभात प्रकाशन
_c2014
650 _aआत्‍मकथा
_9221
942 _2ddc
_cHIN
999 _c49844
_d49844